The Challenge - EPIC: The Musical - Statistics

General Stats
  • This quiz has been taken 96 times
  • The average score is 220 of 265
Answer Stats
Hint Answer % Correct
a
100%
I
100%
to
100%
the
98%
choose
97%
we
97%
as
95%
suitor
95%
so
92%
wear
92%
would
92%
crown
90%
Penelope I'm
90%
is
90%
Is
90%
supposed
90%
be
88%
do
88%
I'd
88%
king,
88%
that
88%
They
88%
time
88%
Suitors Time
88%
you
88%
all
86%
And
86%
and
86%
'Cause
86%
die
86%
I'll
86%
I've
86%
know
86%
know,
86%
rather
86%
Than
86%
than
86%
this
86%
best
85%
bow
85%
buying
85%
can
85%
done
85%
don't
85%
every
85%
here
85%
it
85%
It
85%
my
85%
new
85%
night
85%
of
85%
down
83%
fly
83%
husband's
83%
Just
83%
lie
83%
me
83%
Oh
83%
old
83%
shoot
83%
Sit
83%
string
83%
them
83%
through
83%
Will
83%
with
83%
without
83%
work
83%
axes
81%
for
81%
grow
81%
his
81%
Let
81%
queen
81%
think
81%
twelve
81%
Penelope Whoever
81%
won
81%
arrow
80%
But
80%
have
80%
how
80%
rule
80%
at
78%
never
78%
said
78%
soon
78%
they've
78%
throne
78%
unthread
78%
was
78%
your
78%
cleanly
76%
could
76%
go
76%
house
76%
longer
76%
much
76%
saw
76%
sign
76%
Though
76%
though
76%
thought
76%
Waiting
76%
waiting
76%
about
75%
challenge
75%
change?
75%
finally
75%
last
75%
man
75%
true
75%
aim
73%
allow
73%
love
73%
out
73%
since
73%
way
73%
from
71%
kind
71%
not
71%
once
71%
running
71%
weave
71%
any
69%
arranged?
69%
come
69%
far
69%
other
69%
our
69%
some
69%
world
69%
like
68%
Suitors Penelope
68%
shroud
68%
end
66%
kingdom
66%
close
64%
norm
64%
resort
64%
it's
61%
lengths
59%
these
44%
fleeing
36%
strom
20%
No matching quizzes found
Score Distribution
Percent of People with Each Score
Percentile by Number Answered
Your Score History
You have not taken this quiz